Normal view
MARC view
- Qasim Umar Khan
Entry Personal Name
001 - CONTROL NUMBER
- control field: 70103
003 - CONTROL NUMBER IDENTIFIER
- control field: NUST
005 - DATE AND TIME OF LATEST TRANSACTION
- control field: 20210628204354.0
008 - FIXED-LENGTH DATA ELEMENTS
- fixed length control field: 210628|| aca||aabn | a|a d
040 ## - CATALOGING SOURCE
- Original cataloging agency: NUST
- Transcribing agency: NUST
100 ## - HEADING--PERSONAL NAME
- Personal name: Qasim Umar Khan
670 ## - SOURCE DATA FOUND
- Source citation: Work cat.: (NUST): Qasim Umar Khan, TH-SOF-1251-ANALYSIS AND DESIGN OF RECTANGULSR UNDER MICTROSTRIP PATCH ANTENNAS USING HIGHER OREDER MODES, 2016
